El delito de hurto : (Registro nro. 19879)
[ vista simple ]
| 000 -ENCABEZADO | |
|---|---|
| Número de control [NR] | 01794nam a2200337Ia 4500 |
| 005 - FECHA Y HORA DE LA ÚLTIMA TRANSACCIÓN | |
| control field | 20260520141842.0 |
| 008 - DE LONGITUD FIJA DE DATOS DE ELEMENTOS - INFORMACIÓN GENERAL | |
| Elementos de longitud fija [NR] | 130821s1995 ck gr spa |
| 040 ## - FUENTE DE CATALOGACION [NR] | |
| Agencia de catalogación original [NR] | Co-BoUCM |
| Idioma de catalogación [NR] | spa |
| Quien Cataloga | Stefania Borbon (Modificó) |
| Quien Clasifica | [Nuevo] |
| 041 ## - CODIGO DE IDIOMA [R] | |
| Código de idioma para texto/pista de sonido o título separado [R] | Español |
| 245 00 - MENCION DE TITULO [NR] | |
| Título [NR] | El delito de hurto : |
| Parte restante del título [NR] | Lesiones personales / |
| Mención de responsabilidad, etc. [NR] | Antón Vives y otros |
| 260 ## - PUBLICACION, DISTRIBUCION, ETC. (PIE DE IMPRENTA) [R] | |
| Lugar de publicación, distribución, etc. [R] | Bogotá (Cundinamarca, Colombia) |
| -- | Caracas; |
| -- | Panama; |
| -- | Quito; |
| Nombre del editor, distribuidor, etc. [R] | editorial Jurídica Bolivariana |
| Fecha de publicación, distribución, etc. [R] | 1995 |
| 300 ## - DESCRIPCION FISICA [R] | |
| Extensión [R] | 456 páginas |
| 490 ## - MENCION DE SERIE [R] | |
| Mención de serie [R] | Estudios de derecho penal especial |
| 505 ## - NOTA DE CONTENIDO CON FORMATO PREESTABLECIDO [R] | |
| Nota de contenido con formato preestablecido [NR] | Contenido : El delito de hurto. -- El hurto. -- La cosa mueble ajena. -- Hurtos calificados. -- El hurto simple. -- Hurto agravado. -- El hurto. -- El delito del hurto. -- Robo y hurto de uso de vehículo. -- Los tipos de hurto. -- El bien jurídico en las lesiones. -- Tipos de lesiones. -- Las lesiones. -- Las lesiones en el tratamiento médico quirurgico. -- de las lesiones personalesa. -- Mutilaciones y lesiones. -- El delito de lesiones ante el derecho penal vigente. -- Dictamen médico forense por lesiones personales. -- Tipo de lesiones. -- Incluye índice |
| 650 04 - ASIENTO SECUNDARIO DE MATERIA - TERMINO TEMATICO [R] | |
| Término temático o nombre geográfico como elemento de entrada [NR] | Criminología |
| 9 (RLIN) | 12152 |
| 650 04 - ASIENTO SECUNDARIO DE MATERIA - TERMINO TEMATICO [R] | |
| Término temático o nombre geográfico como elemento de entrada [NR] | Delitos contra el patrimonio económico |
| 9 (RLIN) | 12569 |
| 650 04 - ASIENTO SECUNDARIO DE MATERIA - TERMINO TEMATICO [R] | |
| Término temático o nombre geográfico como elemento de entrada [NR] | Delitos contra la persona |
| 9 (RLIN) | 12579 |
| 650 04 - ASIENTO SECUNDARIO DE MATERIA - TERMINO TEMATICO [R] | |
| Término temático o nombre geográfico como elemento de entrada [NR] | Derecho penal |
| 9 (RLIN) | 12805 |
| 650 04 - ASIENTO SECUNDARIO DE MATERIA - TERMINO TEMATICO [R] | |
| Término temático o nombre geográfico como elemento de entrada [NR] | Derecho penal |
| Subdivisión geográfica [R] | Colombia |
| 9 (RLIN) | 31080 |
| 650 04 - ASIENTO SECUNDARIO DE MATERIA - TERMINO TEMATICO [R] | |
| Término temático o nombre geográfico como elemento de entrada [NR] | Hurto |
| 9 (RLIN) | 17097 |
| 650 04 - ASIENTO SECUNDARIO DE MATERIA - TERMINO TEMATICO [R] | |
| Término temático o nombre geográfico como elemento de entrada [NR] | Lesiones corporales |
| 9 (RLIN) | 18420 |
| 700 1# - ASIENTO SECUNDARIO - NOMBRE PERSONAL [R] | |
| Nombre personal [NR] | Vives Anton |
| 9 (RLIN) | 189343 |
| 700 1# - ASIENTO SECUNDARIO - NOMBRE PERSONAL [R] | |
| Nombre personal [NR] | Solarte, Carmen Elisa |
| 9 (RLIN) | 189344 |
| 700 1# - ASIENTO SECUNDARIO - NOMBRE PERSONAL [R] | |
| Nombre personal [NR] | Irureta Goyena, Jose |
| 9 (RLIN) | 115339 |
| 700 1# - ASIENTO SECUNDARIO - NOMBRE PERSONAL [R] | |
| Nombre personal [NR] | Soler Sebastian |
| 9 (RLIN) | 189345 |
| 700 1# - ASIENTO SECUNDARIO - NOMBRE PERSONAL [R] | |
| Nombre personal [NR] | Zavala Baquerizo, Jorge |
| 9 (RLIN) | 189346 |
| 700 1# - ASIENTO SECUNDARIO - NOMBRE PERSONAL [R] | |
| Nombre personal [NR] | Febres Cordero, Hector |
| 9 (RLIN) | 189347 |
| 700 1# - ASIENTO SECUNDARIO - NOMBRE PERSONAL [R] | |
| Nombre personal [NR] | Raneiri, Silvio |
| 9 (RLIN) | 189348 |
| 942 ## - ELEMENTOS DE ENTRADA AGREGADOS (KOHA) | |
| Tipo de ítem principal el descrito en 300a | Libro |
| Tema principal | Derecho |
| Edición | 1 |
| Parte restante de la signatura top. | E77 |
| Sistema de clasificación | DEWEY |
| Clasificación | 364.155 |
| Fecha de último préstamo | Total préstamos | Total Renewals | Signatura topográfica | Código de barras | Última vez visto | Ejemplar | Price effective from | Tipo de ítem | Nota pública (OPAC) | Perdido | Sistema de clasificación | Dañado | No prestable | Tipo de ítem específico | Suprimido | Ubicación habitual | Ubicación actual | Localización | Fecha de creación | Forma de adquisición | Costo |
|---|---|---|---|---|---|---|---|---|---|---|---|---|---|---|---|---|---|---|---|---|---|
| 18/09/2019 | 21 | 1 | 364.155 E77 | 100051499 | 20/05/2026 | Ej.2 | 03/02/2013 | Libro | Spot Criminología e Investigación Criminal | DEWEY | Libro | Claustro | Claustro | 3er piso | 28/02/2003 | Compra | 36000.00 | ||||
| 25/09/2019 | 21 | 3 | 364.155 E77 | 100040287 | 20/05/2026 | Ej.1 | 03/02/2013 | Libro | Spot Criminología e Investigación Criminal | DEWEY | Libro | Claustro | Claustro | 3er piso | 28/02/2003 | Compra | 28800.00 |